Adivina el país por un monumento - Estadísticas

Estadísticas generales
  • Esta prueba ha sido intentada 292 veces
  • La puntuación promedio es 14 de 16
Estadísticas de respuestas
Imagen Respuesta % Correcto
Brasil
99%
China
98%
Reino Unido
98%
India
97%
Italia
97%
Estados Unidos
96%
Francia
96%
Perú
96%
Australia
95%
México
95%
Rusia
95%
España
93%
Japón
88%
Emiratos Árabes Unidos
81%
Alemania
75%
Canadá
37%
No se encontraron pruebas coincidentes
Distribución de puntuación
Porcentaje de gente con cada puntuación
Porcentaje por número respondido
Historial de tus puntuaciones
No has intentado esta prueba.